| 000 | 00799nam0a2200229 4500 | ||
|---|---|---|---|
| 001 | RU\NLR\BIBL_A\011861076 | ||
| 005 | 20260406070832.0 | ||
| 035 | _a(NLR Aleph) 011861076 | ||
| 090 |
_a13419118 _c13419118 |
||
| 100 | _a20181112d1951 |||y0rusy50 ca | ||
| 101 | 1 |
_aady _crus |
|
| 102 | _aRU | ||
| 105 | _aa z 000 y | ||
| 200 | 1 |
_aЧеремыш героим ыш _fЛев Кассиль _gзэзыдзэкIыгъэр Хъ. Хъущт |
|
| 210 |
_aМыекъуапэ _cАдыгнациздат _d1951 |
||
| 215 |
_a83, [2] с. _cил. _d19 |
||
| 541 | 1 |
_aЧеремыш брат героя _zrus |
|
| 700 | 1 |
_4070 _8rus _7ca _aКассиль _bЛ. А. _gЛев Абрамович _f1905-1970 _3RU\NLR\AUTH\7727458 _910490 |
|
| 852 |
_aNLR _bОНЛ _jАдыг./2-276 |
||
| 942 | _cBOOK | ||
| 980 | _aNB | ||